|
|
|
|
| LEADER |
00739nam a22002292a 4500 |
| 001 |
000251838 |
| 003 |
CZ BrMZK |
| 005 |
20190529102745.0 |
| 007 |
ta |
| 008 |
950101s1907 gw f ger d |
| 040 |
|
|
|a BOA001
|b cze
|
| 100 |
1 |
|
|a Thom, Reinhard
|4 dis
|
| 245 |
1 |
4 |
|a Die Schlacht bei Pavia (24. Februar 1525) /
|c Reinhard Thom
|
| 260 |
|
|
|a Berlin :
|b Reinhard Thom,
|c 1907
|
| 300 |
|
|
|a 55 s.
|
| 502 |
|
|
|a Disertace--Friedrich-Wilhelms-Universität Berlin, 1907
|
| 655 |
|
7 |
|a disertace
|7 fd132024
|2 czenas
|
| 710 |
2 |
|
|a Friedrich-Wilhelms-Universität Berlin
|7 ko2004238874
|
| 910 |
|
|
|a BOA001
|b X-0365.888
|
| 990 |
|
|
|a BK
|
| 993 |
|
|
|a Y
|
| 996 |
6 |
|
|b 2619901609
|c X-0365.888
|l MZK
|r Sklad / do 24 hodin
|n 1
|w 000251838
|u 000010
|a 1
|e BOA001
|j MZK50
|s P
|